000 00587nam a2200241Ia 4500
003 OSt
005 20221005130309.0
006 a|||||r|||| 00| 0
007 ta
008 221004b |||||||| |||| 00| 0 tam d
024 _a49478
037 _cTextual
040 _aCRL
_cCRL
_btam
041 _2tam
_atam
082 _aO31,1MKUZ,2, L1
100 _aKuzhanthai
_9631954
245 0 _aRavana kavyam
260 _c1971
300 _a483p.
_ccm.
650 _aTAMIL LANGUAGE
942 _hO31,1MKUZ,2, L1
_cTEXL
_2cc
999 _c1056754
_d1056754